[Event "2BLN 1718 Turm Kiel - SK Zehlendorf"]
[Site "?"]
[Date "2018.02.04"]
[Round "6.7"]
[White "Nguyen Luu, Truong-Son"]
[Black "Hoi, Carsten"]
[Result "0-1"]
[WhiteElo "2137"]
[BlackElo "2373"]
[PlyCount "68"]
[EventDate "2018.??.??"]

1. d4 Nf6 2. Nc3 g6 3. Nf3 Bg7 4. Bf4 O-O 5. Qd2 d6 6. Bh6 Bg4 7. Ng1 c5 8.
Bxg7 Kxg7 9. d5 e5 10. dxe6 Bxe6 11. O-O-O Nc6 12. f3 Qa5 13. Kb1 d5 14. a3 d4
15. Ne4 Nxe4 16. fxe4 Qxd2 17. Rxd2 Rad8 18. Nf3 Rfe8 19. g3 Bg4 20. h3 Bc8 21.
Bg2 Rxe4 22. Rf1 Re7 23. b3 Rde8 24. Rf2 a5 25. Kc1 h6 26. g4 Re3 27. Ne1 Ne5
28. Nd3 b6 29. Nf4 Be6 30. Rd1 a4 31. Kb2 axb3 32. Nxe6+ fxe6 33. cxb3 Rf8 34.
Rxf8 Rxe2+ 0-1

[Event "2BLN 1718 Turm Kiel - SK Zehlendorf"]
[Site "?"]
[Date "2018.02.04"]
[Round "6.8"]
[White "Berg, Klaus"]
[Black "Hasic, Mirza"]
[Result "1-0"]
[WhiteElo "2329"]
[BlackElo "2021"]
[PlyCount "55"]
[EventDate "2018.??.??"]

1. d4 Nf6 2. Bg5 Ne4 3. Bf4 d5 4. e3 c6 5. Bd3 Nd7 6. Bxe4 dxe4 7. Nc3 Nf6 8.
Nge2 Qa5 9. O-O Bg4 10. h3 Bxe2 11. Nxe2 O-O-O 12. c4 e6 13. Qc2 Bd6 14. Bxd6
Rxd6 15. c5 Rd7 16. Nc3 h5 17. Nxe4 Nxe4 18. Qxe4 Qc7 19. f4 g6 20. b4 Re8 21.
a4 f5 22. Qf3 Kd8 23. b5 Ke7 24. Rfb1 Kf6 25. a5 cxb5 26. Rxb5 Qc6 27. Rab1 Rc8
28. Rxb7 1-0

[Event "2BLN 1718 SV Glückauf Rüdersdorf - SC"]
[Site "?"]
[Date "2018.02.04"]
[Round "6.1"]
[White "Lerch, Philipp"]
[Black "Moranda, Wojciech"]
[Result "0-1"]
[WhiteElo "2314"]
[BlackElo "2595"]
[PlyCount "92"]
[EventDate "2018.??.??"]

1. Nf3 Nf6 2. g3 g6 3. Bg2 Bg7 4. O-O O-O 5. d4 d6 6. c4 c6 7. Nc3 Qa5 8. e4 e5
9. h3 Nbd7 10. dxe5 Nxe5 11. Nxe5 dxe5 12. Qa4 Qc7 13. Be3 Nh5 14. Rad1 f5 15.
Bc5 Re8 16. exf5 gxf5 17. Bd6 Qf7 18. Rfe1 e4 19. f3 Qg6 20. Ne2 exf3 21. Bxf3
Nxg3 22. Bxg3 f4 23. c5 Be5 24. Kg2 fxg3 25. Nf4 Qf6 26. Nh5 Bxh3+ 27. Kxh3
Qxf3 28. Qg4+ Qxg4+ 29. Kxg4 Bxb2 30. Rg1 Re7 31. Rxg3 Kh8 32. Rb3 Rg8+ 33. Kh3
Be5 34. Re1 Rg5 35. Kh4 h6 36. Re4 Rf7 37. Rd3 Rf1 38. Ng3 Bxg3+ 39. Rxg3 Rh1+
40. Rh3 Rxh3+ 41. Kxh3 Rxc5 42. Re8+ Kg7 43. Re7+ Kf6 44. Rxb7 Ra5 45. Rc7 c5
46. Kg4 Ke5 0-1

[Event "2BLN 1718 SV Glückauf Rüdersdorf - SC"]
[Site "?"]
[Date "2018.02.04"]
[Round "6.2"]
[White "Steczek, Marcin"]
[Black "Glantz, Robert"]
[Result "1-0"]
[WhiteElo "2377"]
[BlackElo "2340"]
[PlyCount "103"]
[EventDate "2018.??.??"]

1. Nf3 Nf6 2. c4 g6 3. Nc3 Bg7 4. g3 O-O 5. Bg2 d6 6. O-O e5 7. d3 Nc6 8. Rb1
h6 9. b4 Be6 10. b5 Ne7 11. Nd2 Rb8 12. Qa4 Nc8 13. Ba3 Nd7 14. Qc2 f5 15. Nb3
Ne7 16. c5 Nf6 17. b6 axb6 18. cxd6 cxd6 19. Nb5 Ne8 20. Nd2 Rf7 21. Nc4 Nc8
22. Qb2 e4 23. Nd4 Bxc4 24. dxc4 Ra8 25. Rfd1 Qd7 26. Bb4 Nc7 27. Qd2 Kh7 28.
a3 Qe8 29. Nc2 Rd7 30. f3 exf3 31. Bxf3 Na6 32. Qd3 Nxb4 33. Rxb4 Re7 34. Rb3
Ra5 35. Ne3 Rae5 36. Nd5 Rf7 37. Rdb1 h5 38. Kf1 Re6 39. Rb5 Na7 40. Rxb6 Nc6
41. Nf4 Re5 42. Bxc6 bxc6 43. Qxd6 Rf6 44. Qc7 Re7 45. Qb8 Qf7 46. Rb7 Kh6 47.
h4 Bf8 48. Qa7 g5 49. Rxe7 Bxe7 50. hxg5+ Kxg5 51. Rb7 Bc5 52. Rxf7 1-0

[Event "2BLN 1718 SV Glückauf Rüdersdorf - SC"]
[Site "?"]
[Date "2018.02.04"]
[Round "6.3"]
[White "Kalinitschew, Sergey"]
[Black "Janaszak, Dawid"]
[Result "1-0"]
[WhiteElo "2413"]
[BlackElo "2370"]
[PlyCount "95"]
[EventDate "2018.??.??"]

1. Nf3 Nf6 2. c4 e6 3. Nc3 c5 4. g3 Be7 5. Bg2 O-O 6. O-O d6 7. d4 cxd4 8. Nxd4
a6 9. b3 Qc7 10. Bb2 Nc6 11. Rc1 Ne5 12. h3 Bd7 13. f4 Ng6 14. Kh2 Rad8 15. e4
Rfe8 16. Qe2 Bf8 17. Nf3 Bc6 18. Nd4 Bd7 19. Nf3 Bc6 20. Ng5 Qb8 21. a4 h6 22.
Nf3 Qa7 23. b4 b6 24. b5 Ba8 25. Nd4 Nd7 26. h4 Ne7 27. bxa6 Nc5 28. Ndb5 Qd7
29. Rcd1 Nc8 30. Ba3 Nxa6 31. e5 Bxg2 32. Qxg2 Nc5 33. a5 d5 34. cxd5 exd5 35.
Rxd5 Qf5 36. Nc7 Rxd5 37. N3xd5 Rd8 38. axb6 Qd3 39. Bxc5 Bxc5 40. b7 Nb6 41.
Nxb6 Bxb6 42. Nd5 Bc5 43. Rc1 Qa3 44. Qc2 Bf2 45. Qc3 Qa2 46. Ne7+ Kf8 47. Rc2
Qb1 48. Rxf2 1-0

[Event "2BLN 1718 SV Glückauf Rüdersdorf - SC"]
[Site "?"]
[Date "2018.02.04"]
[Round "6.4"]
[White "Dudzinski, Piotr"]
[Black "Figura, Atila Gajo"]
[Result "0-1"]
[WhiteElo "2316"]
[BlackElo "2372"]
[PlyCount "118"]
[EventDate "2018.??.??"]

1. e4 c5 2. Nf3 e6 3. c3 d5 4. exd5 Qxd5 5. d4 Nf6 6. Be2 Be7 7. O-O O-O 8. h3
Nc6 9. Be3 cxd4 10. Nxd4 Nxd4 11. Bxd4 e5 12. Bf3 Qd6 13. Be3 Qc7 14. Nd2 Bf5
15. Qb3 e4 16. Be2 Rfd8 17. c4 b6 18. Rfd1 Nd7 19. Nf1 Nc5 20. Bxc5 Bxc5 21.
Ne3 Be6 22. Rxd8+ Rxd8 23. Rd1 f5 24. Rxd8+ Qxd8 25. Qc3 Bd4 26. Qc2 g6 27. g3
Qd6 28. Qd2 Qe5 29. Kg2 Bxb2 30. Qd8+ Kf7 31. Nd5 Bxd5 32. cxd5 Qe7 33. Qc8 Be5
34. Bc4 Kg7 35. Qe6 Qxe6 36. dxe6 Kf6 37. Kf1 Bd6 38. Ke2 Ke5 39. a4 Be7 40.
f4+ Kd4 41. Bb5 Kc3 42. Be8 Kb4 43. h4 a6 44. Ke3 b5 45. axb5 axb5 46. h5 gxh5
47. Bxh5 Kc3 48. g4 b4 49. gxf5 b3 50. f6 Bc5+ 51. Kxe4 b2 52. Kd5 b1=Q 53.
Kxc5 Qf5+ 54. Kd6 Qxf6 55. Kd7 Qxf4 56. Ke8 Qf5 57. Bf7 Kd4 58. Kf8 Qc5+ 59. e7
Ke5 0-1

[Event "2BLN 1718 SV Glückauf Rüdersdorf - SC"]
[Site "?"]
[Date "2018.02.04"]
[Round "6.5"]
[White "Thesing, Matthias"]
[Black "Sroczynski, Maciej"]
[Result "1/2-1/2"]
[WhiteElo "2314"]
[BlackElo "2314"]
[PlyCount "96"]
[EventDate "2018.??.??"]

1. e4 c5 2. Nc3 e6 3. Nf3 a6 4. g3 b5 5. Bg2 Bb7 6. d4 cxd4 7. Nxd4 Nf6 8. O-O
b4 9. Na4 Bxe4 10. Bxe4 Nxe4 11. Re1 d5 12. c4 bxc3 13. Nxc3 Be7 14. Nxe4 dxe4
15. Rxe4 O-O 16. Bf4 Bf6 17. Qa4 Qd5 18. Nf3 Nc6 19. Rd1 Qb5 20. Rd6 Rfc8 21.
Rc4 Qxa4 22. Rxa4 Bxb2 23. Rc4 e5 24. Be3 Nd4 25. Rxc8+ Rxc8 26. Nxd4 exd4 27.
Bxd4 Bxd4 28. Rxd4 Kf8 29. Rd6 a5 30. Rd5 a4 31. Rd4 a3 32. Rd3 Rc2 33. Rxa3 g6
34. Ra7 h5 35. Kg2 Kg7 36. h4 Kf6 37. Kf3 Ke6 38. Ke3 Kf6 39. Ra4 Kg7 40. f3
Rg2 41. Kf4 Re2 42. Ra5 Rg2 43. a3 Ra2 44. Ra6 Ra1 45. g4 hxg4 46. fxg4 Rf1+
47. Kg3 Rg1+ 48. Kf3 Rh1 1/2-1/2

[Event "2BLN 1718 SV Glückauf Rüdersdorf - SC"]
[Site "?"]
[Date "2018.02.04"]
[Round "6.6"]
[White "Wlodarczyk, Oskar"]
[Black "Moritz, Aron"]
[Result "1-0"]
[WhiteElo "2281"]
[BlackElo "2191"]
[PlyCount "143"]
[EventDate "2018.??.??"]

1. e4 c5 2. c3 Nf6 3. e5 Nd5 4. d4 cxd4 5. cxd4 d6 6. Bc4 Nb6 7. Bb5+ Bd7 8. e6
Bxb5 9. Qh5 Qc8 10. Qxb5+ Kd8 11. Nc3 Qxe6+ 12. Nge2 Qd7 13. Qh5 g6 14. Qf3 Ke8
15. O-O Bg7 16. a4 a5 17. Re1 Nc6 18. Bg5 Kf8 19. Nb5 h6 20. Bh4 Qf5 21. Qb3
Qd5 22. Qd1 Qh5 23. Bg3 Bf6 24. Qb3 Qd5 25. Qe3 Rc8 26. Nec3 Qh5 27. Ne4 Nd5
28. Nxf6 Nxf6 29. Ra3 Kg7 30. Qd2 Nd5 31. Rf3 Ncb4 32. Nc3 Rc7 33. h3 Rhc8 34.
Bf4 g5 35. Bxg5 hxg5 36. Rf5 f6 37. Nxd5 Nxd5 38. Rxd5 Qf7 39. Rxa5 Rc2 40. Qb4
e5 41. Ra7 R8c7 42. dxe5 fxe5 43. Rf1 d5 44. Qd6 Re2 45. Qd8 Kg6 46. h4 gxh4
47. Qxh4 Qf4 48. Qh8 Rxf2 49. Qg8+ Kh6 50. Qh8+ Rh7 51. Qxh7+ Kxh7 52. Rxb7+
Kg6 53. Rxf2 Qxa4 54. Rbf7 Qd1+ 55. Kh2 Qh5+ 56. Kg1 Qd1+ 57. Kh2 Qe1 58. R7f6+
Kg7 59. R6f3 Qe4 60. Rg3+ Kh7 61. Rff3 d4 62. b3 Kh6 63. Rf8 Kh7 64. Rf7+ Kh6
65. Rff3 Qd5 66. Rg4 Kh5 67. Rfg3 e4 68. Rg8 Qe5 69. Rh8+ Qxh8 70. Rh3+ Kg4 71.
Rxh8 e3 72. Kg1 1-0

[Event "2BLN 1718 SV Glückauf Rüdersdorf - SC"]
[Site "?"]
[Date "2018.02.04"]
[Round "6.7"]
[White "Holzapfel, Daniel"]
[Black "Szadkowski, Kamil"]
[Result "1/2-1/2"]
[WhiteElo "2278"]
[BlackElo "2278"]
[PlyCount "37"]
[EventDate "2018.??.??"]

1. d4 Nf6 2. Nf3 e6 3. c4 Bb4+ 4. Bd2 Qe7 5. g3 Nc6 6. Bg2 O-O 7. O-O Bxd2 8.
Qxd2 d6 9. Nc3 e5 10. d5 Nb8 11. e4 a5 12. b3 Na6 13. a3 Bd7 14. Rfd1 Rfb8 15.
Rf1 Nc5 16. Qc2 c6 17. b4 axb4 18. axb4 Na6 19. Qb3 {(=)} 1/2-1/2

[Event "2BLN 1718 SV Glückauf Rüdersdorf - SC"]
[Site "?"]
[Date "2018.02.04"]
[Round "6.8"]
[White "Szyszylo, Rafal"]
[Black "Glienke, Manfred"]
[Result "1/2-1/2"]
[WhiteElo "2248"]
[BlackElo "2250"]
[PlyCount "20"]
[EventDate "2018.??.??"]

1. e4 d6 2. d4 Nf6 3. Nc3 e5 4. Nf3 exd4 5. Nxd4 Be7 6. Be2 O-O 7. O-O Re8 8.
Re1 c6 9. a4 Bf8 10. Bf1 Nbd7 {(=)} 1/2-1/2

[Event "2BLN 1718 SK Zehlendorf - SV Glückauf "]
[Site "?"]
[Date "2018.02.25"]
[Round "7.1"]
[White "Moranda, Wojciech"]
[Black "Meister, Jakob"]
[Result "1-0"]
[WhiteElo "2595"]
[BlackElo "2429"]
[PlyCount "121"]
[EventDate "2018.??.??"]

1. d4 d5 2. c4 dxc4 3. e4 Nf6 4. e5 Nd5 5. Bxc4 Nb6 6. Bb3 Nc6 7. Ne2 Bf5 8.
Nbc3 e6 9. O-O Na5 10. Bc2 Bxc2 11. Qxc2 Nc6 12. a3 Ne7 13. Ng3 Qd7 14. Be3
Nbd5 15. Rac1 c6 16. Rfd1 h5 17. Nce4 Nf5 18. Nxf5 exf5 19. Nc3 g6 20. Bg5 Be7
21. Bxe7 Nxe7 22. Qa4 b5 23. Qb3 a6 24. a4 O-O 25. axb5 axb5 26. d5 cxd5 27.
Nxd5 Nxd5 28. Rxd5 Qe6 29. Rxb5 Qxb3 30. Rxb3 Rfb8 31. Ra3 Rxa3 32. bxa3 Ra8
33. Rc3 Kf8 34. f4 Rb8 35. h4 Rb2 36. Kh2 Ke7 37. Kg3 Kd7 38. Kf3 Ra2 39. g3
Ra1 40. Ke3 Re1+ 41. Kd4 Rd1+ 42. Kc5 Kc7 43. a4 Ra1 44. Kb5+ Kb7 45. Rb3 Ra2
46. a5 Ra1 47. Rd3 Rb1+ 48. Kc5 Kc7 49. Rd6 Rc1+ 50. Kb5 Rb1+ 51. Ka6 Rb3 52.
Rf6 Rxg3 53. Rxf7+ Kc6 54. Rf6+ Kc7 55. Kb5 Rb3+ 56. Kc5 Rc3+ 57. Kd5 Rd3+ 58.
Ke6 Rd4 59. Kf7 Rxf4 60. e6 Re4 61. a6 1-0

[Event "2BLN 1718 SK Zehlendorf - SV Glückauf "]
[Site "?"]
[Date "2018.02.25"]
[Round "7.2"]
[White "Malek, Daniel"]
[Black "Kanarek, Marcel"]
[Result "1/2-1/2"]
[WhiteElo "2404"]
[BlackElo "2512"]
[PlyCount "144"]
[EventDate "2018.??.??"]

1. d4 Nf6 2. c4 g6 3. Nc3 Bg7 4. e4 d6 5. Be2 O-O 6. Be3 c5 7. d5 e6 8. Nf3
exd5 9. cxd5 Bg4 10. Nd2 Bxe2 11. Qxe2 Re8 12. O-O Na6 13. Kh1 Nc7 14. a4 a6
15. f3 b5 16. axb5 axb5 17. Nxb5 Nxb5 18. Rxa8 Qxa8 19. Qxb5 Nxd5 20. Bxc5 Nc7
21. Qb6 dxc5 22. Qxc7 Qa6 23. Qxc5 Qd3 24. Qc1 Rd8 25. Nb1 Bxb2 26. Qe1 Rc8 27.
Qd1 Qb5 28. Re1 Kg7 29. g3 Rc1 30. Qd2 Rxe1+ 31. Qxe1 Qd3 32. Kg2 Qc2+ 33. Kh3
h5 34. Qf1 Bc1 35. Qb5 Bb2 36. Qf1 Kh7 37. Qe1 Kg8 38. Qf1 Qc8+ 39. Kg2 Qc2+
40. Kh3 Qc8+ 41. Kg2 h4 42. gxh4 Qc2+ 43. Kg3 Bc1 44. Qb5 Bb2 45. Qf1 Kh7 46.
h5 gxh5 47. Qb5 h4+ 48. Kh3 Qxb1 49. Qh5+ Kg8 50. Qg5+ Bg7 51. Qd8+ Kh7 52.
Qxh4+ Bh6 53. Qf6 Qf1+ 54. Kg3 Qg1+ 55. Kh3 Qf1+ 56. Kg3 Qc4 57. f4 Qd3+ 58.
Kg4 Qe2+ 59. Kg3 Qe3+ 60. Kg4 Qe2+ 61. Kg3 Qh5 62. h4 Bg7 63. Qg5 Qg6 64. Qxg6+
Kxg6 65. Kg4 Bh6 66. h5+ Kf6 67. Kf3 Ke6 68. Kg4 Kf6 69. Kf3 Ke6 70. Kg4 Kf6
71. Kf3 Bf8 72. Kg4 Bh6 1/2-1/2

[Event "2BLN 1718 SK Zehlendorf - SV Glückauf "]
[Site "?"]
[Date "2018.02.25"]
[Round "7.3"]
[White "Janaszak, Dawid"]
[Black "Lagunow, Raphael"]
[Result "0-1"]
[WhiteElo "2370"]
[BlackElo "2353"]
[PlyCount "162"]
[EventDate "2018.??.??"]

1. d4 d5 2. Nf3 Nf6 3. c4 c6 4. e3 e6 5. Nbd2 c5 6. dxc5 Bxc5 7. Qc2 Bd6 8. Bd3
O-O 9. O-O Nc6 10. a3 a5 11. b3 h6 12. Bb2 Qe7 13. e4 dxe4 14. Nxe4 Nxe4 15.
Bxe4 Bd7 16. Rfd1 Rfd8 17. Qc3 f6 18. Re1 Be8 19. Qe3 Bf7 20. Bc2 Bc5 21. Qe4
f5 22. Qe2 Bh5 23. Rad1 Bd4 24. Bxd4 Nxd4 25. Rxd4 Rxd4 26. Bxf5 Bxf3 27. Qxf3
Rad8 28. g3 R8d6 29. c5 Rc6 30. Qe3 Qxc5 31. Bxe6+ Kh8 32. a4 Rcd6 33. Bc4 Rd8
34. Qe7 Qc6 35. Qe2 Rd2 36. Qe3 Rd1 37. Bf1 Qc2 38. Rxd1 Qxd1 39. Qb6 Qd4 40.
Qxb7 Rf8 41. Qg2 g5 42. g4 Kg7 43. h3 Rf4 44. Qb7+ Rf7 45. Qg2 Qd2 46. Bc4 Qe1+
47. Qf1 Qxf1+ 48. Kxf1 Rf3 49. Kg2 Rc3 50. Bd5 Kf6 51. Bg8 Ke5 52. Bf7 Kd4 53.
Be6 Kd3 54. h4 gxh4 55. Kh3 Ke2+ 56. Kxh4 Kxf2 57. g5 hxg5+ 58. Kxg5 Rf3 59.
Kg4 Rf6 60. Bc4 Ke3 61. Kg5 Rf2 62. Kg4 Kd4 63. Kg3 Rf8 64. Kg2 Rf6 65. Kg3 Ke4
66. Kg2 Ke3 67. Bd5 Rf2+ 68. Kg1 Ke2 69. Be6 Ke1 70. Bc4 Rc2 71. Be6 Rc6 72.
Bd5 Rg6+ 73. Kh2 Kd2 74. Bc4 Kc3 75. Kh1 Kb4 76. Kh2 Rg5 77. Kh3 Rg1 78. Kh2
Rb1 79. Kg2 Rxb3 80. Bb5 Ra3 81. Kf2 Rxa4 0-1

[Event "2BLN 1718 SK Zehlendorf - SV Glückauf "]
[Site "?"]
[Date "2018.02.25"]
[Round "7.4"]
[White "Lagunow, Alexander"]
[Black "Dudzinski, Piotr"]
[Result "1/2-1/2"]
[WhiteElo "2404"]
[BlackElo "2316"]
[PlyCount "52"]
[EventDate "2018.??.??"]

1. c4 e6 2. Nf3 d5 3. d4 c6 4. Nbd2 Nf6 5. Qc2 Nbd7 6. g3 Be7 7. Bg2 O-O 8. O-O
b6 9. e4 dxe4 10. Nxe4 Nxe4 11. Qxe4 Bb7 12. Rd1 Qc8 13. Bf4 c5 14. d5 Re8 15.
Qc2 exd5 16. cxd5 Bf6 17. Ng5 Bxg5 18. Bxg5 Ne5 19. h3 Qd7 20. f4 Ng6 21. f5
Re5 22. fxg6 Rxg5 23. gxh7+ Kh8 24. Qd3 Qd6 25. g4 Re8 26. Rf1 Qd7 1/2-1/2

[Event "2BLN 1718 SK Zehlendorf - SV Glückauf "]
[Site "?"]
[Date "2018.02.25"]
[Round "7.5"]
[White "Sroczynski, Maciej"]
[Black "Heinig, Wolfram"]
[Result "1/2-1/2"]
[WhiteElo "2314"]
[BlackElo "2279"]
[PlyCount "41"]
[EventDate "2018.??.??"]

1. d4 Nf6 2. c4 d6 3. Nc3 Nbd7 4. e4 e5 5. Nf3 g6 6. Be2 Bg7 7. O-O O-O 8. Re1
c6 9. Bf1 exd4 10. Nxd4 Ng4 11. Qxg4 Bxd4 12. Be3 Ne5 13. Qg3 Bxe3 14. Qxe3 f5
15. f3 Qa5 16. Rad1 Nf7 17. Qd4 Re8 18. Kh1 Qe5 19. Qxe5 dxe5 20. c5 Be6 21.
Kg1 1/2-1/2

[Event "2BLN 1718 SK Zehlendorf - SV Glückauf "]
[Site "?"]
[Date "2018.02.25"]
[Round "7.7"]
[White "Dudzinski, Pawel"]
[Black "Hasic, Mirza"]
[Result "1/2-1/2"]
[WhiteElo "2231"]
[BlackElo "2021"]
[PlyCount "44"]
[EventDate "2018.??.??"]

1. e4 d6 2. Nc3 e5 3. d4 Nd7 4. Nf3 Ngf6 5. Bc4 Be7 6. Ng5 O-O 7. Bxf7+ Rxf7 8.
Ne6 Qe8 9. Nxc7 Qd8 10. Nxa8 b5 11. dxe5 Nxe5 12. Nd5 Nxd5 13. Qxd5 Bh4 14. Be3
Qa5+ 15. c3 Nc4 16. O-O Bb7 17. Qe6 Bxa8 18. b3 Nb6 19. Qe8+ Rf8 20. Qe6+ Rf7
21. Qe8+ Rf8 22. Qe6+ Rf7 1/2-1/2

[Event "2BLN 1718 SK Zehlendorf - SV Glückauf "]
[Site "?"]
[Date "2018.02.25"]
[Round "7.8"]
[White "Bede, Maxime"]
[Black "Szyszylo, Rafal"]
[Result "0-1"]
[WhiteElo "1632"]
[BlackElo "2248"]
[PlyCount "52"]
[EventDate "2018.??.??"]

1. e4 g6 2. d4 Bg7 3. c4 d6 4. Nc3 Nf6 5. Be3 O-O 6. f3 c5 7. dxc5 dxc5 8. Bxc5
Nc6 9. Nge2 Nd7 10. Be3 Nde5 11. Nf4 Na5 12. Qd5 e6 13. Qc5 b6 14. Qb4 Ba6 15.
Rd1 Qc8 16. c5 Nac4 17. Bxc4 Nxc4 18. Bf2 bxc5 19. Bxc5 Rb8 20. Bxf8 Bxf8 21.
Qa4 Nxb2 22. Qd4 e5 23. Qd2 exf4 24. Nd5 Nd3+ 25. Kf1 Nb4+ 26. Ke1 Nc2+ 0-1

[Event "2.BLN SK König Tegel-SG Turm Kiel"]
[Site "?"]
[Date "2018.02.25"]
[Round "7.1"]
[White "Salgado Lopez, Ivan"]
[Black "Stern, Rene"]
[Result "1-0"]
[WhiteElo "2647"]
[BlackElo "2511"]
[PlyCount "111"]
[EventDate "2018.02.25"]
[WhiteTeam "SG Turm Kiel"]
[BlackTeam "SK König Tegel 1949"]
[WhiteTeamCountry "ESP"]
[BlackTeamCountry "GER"]

1. e4 e5 2. Nf3 Nc6 3. Bb5 a6 4. Ba4 Nf6 5. O-O Be7 6. Re1 b5 7. Bb3 d6 8. c3
O-O 9. h3 Na5 10. Bc2 c5 11. d4 Qc7 12. Nbd2 Nc6 13. d5 Nd8 14. a4 Rb8 15. b4
Nb7 16. a5 Bd7 17. Nf1 Nd8 18. Ng3 g6 19. Bg5 Bc8 20. Qd2 Ne8 21. Bh6 Ng7 22.
bxc5 dxc5 23. Nxe5 f6 24. Nd3 Nf7 25. Bf4 Ne5 26. c4 g5 27. Bxe5 fxe5 28. Bd1
Bd7 29. Bg4 Be8 30. Nf5 Nxf5 31. Bxf5 bxc4 32. Nb2 Rb4 33. Rec1 Bb5 34. Rc3
Rxf5 35. exf5 e4 36. Rac1 Bf6 37. d6 Qd7 38. Nd1 Qxf5 39. Ne3 Bxc3 40. Qxc3 Qe6
41. Ng4 Qxd6 42. Nf6+ Kf7 43. Nxe4 Qe7 44. Re1 Bc6 45. Ng3 Qf6 46. Re5 Bd7 47.
Qe3 h6 48. Qe4 c3 49. Qh7+ Kf8 50. Re3 Bf5 51. Qc7 Rb1+ 52. Kh2 c2 53. Nh5 c1=Q
54. Nxf6 Be6 55. Qd6+ Kg7 56. Nh5+ 1-0

[Event "2.BLN SK König Tegel-SG Turm Kiel"]
[Site "?"]
[Date "2018.02.25"]
[Round "7.2"]
[White "Rabiega, Robert"]
[Black "Dziuba, Marcin"]
[Result "1/2-1/2"]
[WhiteElo "2513"]
[BlackElo "2584"]
[PlyCount "80"]
[EventDate "2018.02.25"]
[WhiteTeam "SK König Tegel 1949"]
[BlackTeam "SG Turm Kiel"]
[WhiteTeamCountry "GER"]
[BlackTeamCountry "POL"]

1. e4 c5 2. c3 Nf6 3. e5 Nd5 4. d4 cxd4 5. cxd4 d6 6. Nf3 e6 7. Bc4 Nc6 8. O-O
Be7 9. Bd2 O-O 10. Nc3 Nxc3 11. Bxc3 dxe5 12. dxe5 a6 13. Qe2 b5 14. Bd3 Bb7
15. Rfd1 Qb6 16. Qe4 g6 17. Qf4 Rad8 18. Be4 b4 19. Bd2 Nd4 20. Nxd4 Bxe4 21.
Be3 Qb7 22. f3 Bd5 23. Rd2 a5 24. b3 Rc8 25. Rad1 Qa6 26. Qh6 Rfe8 27. Bg5 Bf8
28. Qh4 a4 29. Bh6 Be7 30. Bg5 Bf8 31. Bh6 Be7 32. Bg5 Bxg5 33. Qxg5 axb3 34.
axb3 Qb6 35. Kh1 Rc3 36. h3 Qd8 37. Qf4 Qb6 38. Qg5 Qd8 39. Qf4 Qb6 40. Qg5 Qd8
1/2-1/2

[Event "2.BLN SK König Tegel-SG Turm Kiel"]
[Site "?"]
[Date "2018.02.25"]
[Round "7.3"]
[White "Rasmussen, Allan Stig"]
[Black "Moreno Tejera, Emilio"]
[Result "0-1"]
[WhiteElo "2543"]
[BlackElo "2424"]
[PlyCount "92"]
[EventDate "2018.02.25"]
[WhiteTeam "SG Turm Kiel"]
[BlackTeam "SK König Tegel 1949"]
[WhiteTeamCountry "DEN"]
[BlackTeamCountry "ESP"]

1. d4 f5 2. c4 Nf6 3. Nc3 d6 4. Bg5 Nbd7 5. Qc2 g6 6. h4 h6 7. Bd2 e5 8. e3 c6
9. O-O-O Qe7 10. f3 Nb6 11. c5 dxc5 12. dxe5 Qxe5 13. e4 Bg7 14. Nh3 fxe4 15.
Bf4 Qe6 16. fxe4 Qf7 17. Bd3 Bxh3 18. Rxh3 O-O-O 19. Rf1 Qe7 20. Be2 Nfd7 21.
Na4 Be5 22. Bd2 Rdf8 23. Rhf3 Rxf3 24. gxf3 g5 25. Kb1 Nxa4 26. Qxa4 Kb8 27.
Qb3 Rf8 28. hxg5 hxg5 29. Rh1 Bf4 30. Bc3 g4 31. Qd1 g3 32. Qg1 Ne5 33. Rh5 Qd6
34. Kc2 Qe7 35. a4 b6 36. a5 b5 37. Be1 Kb7 38. Qh1 Rf7 39. Rh8 Ng6 40. Rh5 Bc7
41. Bd2 Nf4 42. Bxf4 Bxf4 43. Bf1 Qd7 44. Qg2 Qd4 45. Qe2 Rd7 46. Rh4 Qa4+ 0-1

[Event "2.BLN SK König Tegel-SG Turm Kiel"]
[Site "?"]
[Date "2018.02.25"]
[Round "7.4"]
[White "Muse, Mladen"]
[Black "Glud, Jakob Vang"]
[Result "1/2-1/2"]
[WhiteElo "2406"]
[BlackElo "2516"]
[PlyCount "40"]
[EventDate "2018.02.25"]
[WhiteTeam "SK König Tegel 1949"]
[BlackTeam "SG Turm Kiel"]
[WhiteTeamCountry "CRO"]
[BlackTeamCountry "DEN"]

1. Nf3 d5 2. g3 Nf6 3. Bg2 c6 4. O-O Bf5 5. d3 h6 6. c4 e6 7. Qb3 Qb6 8. Nc3
Nbd7 9. cxd5 exd5 10. e4 dxe4 11. dxe4 Qxb3 12. axb3 Be6 13. Nd4 Bc5 14. Be3
O-O 15. Nxe6 fxe6 16. Bxc5 Nxc5 17. b4 Nb3 18. Rad1 Rfd8 19. b5 e5 20. bxc6
bxc6 1/2-1/2

[Event "2.BLN SK König Tegel-SG Turm Kiel"]
[Site "?"]
[Date "2018.02.25"]
[Round "7.5"]
[White "Hector, Jonny"]
[Black "Bruedigam, Martin"]
[Result "0-1"]
[WhiteElo "2511"]
[BlackElo "2404"]
[PlyCount "86"]
[EventDate "2018.02.25"]
[WhiteTeam "SG Turm Kiel"]
[BlackTeam "SK König Tegel 1949"]
[WhiteTeamCountry "SWE"]
[BlackTeamCountry "GER"]

1. e4 e5 2. Nf3 Nc6 3. Bc4 Bc5 4. O-O d6 5. c3 Nf6 6. b4 Bb6 7. a4 a6 8. d3 h6
9. Be3 Bxe3 10. fxe3 O-O 11. Bb3 Be6 12. Bc2 a5 13. b5 Ne7 14. Nh4 c6 15. c4
Ng4 16. Qe2 Qb6 17. Re1 d5 18. h3 Nf6 19. Nd2 dxe4 20. dxe4 Rfd8 21. Rad1 Qc5
22. Rf1 cxb5 23. axb5 a4 24. Nf5 Nd7 25. Bb1 Nb6 26. Ba2 Ng6 27. h4 Rd7 28. Nf3
Rad8 29. Rxd7 Rxd7 30. Qf2 Ne7 31. Nh2 Nxf5 32. exf5 Bxc4 33. Rc1 Qa3 34. Rxc4
Nxc4 35. Bxc4 Qc1+ 36. Bf1 a3 37. f6 g6 38. h5 g5 39. Qg3 a2 40. Qxe5 Rd8 41.
Qe7 Rf8 42. Ng4 a1=Q 43. Nxh6+ Kh7 0-1

[Event "2.BLN SK König Tegel-SG Turm Kiel"]
[Site "?"]
[Date "2018.02.25"]
[Round "7.6"]
[White "Fruebing, Stefan"]
[Black "Pakleza, Zbigniew"]
[Result "1-0"]
[WhiteElo "2402"]
[BlackElo "2502"]
[PlyCount "99"]
[EventDate "2018.02.25"]
[WhiteTeam "SK König Tegel 1949"]
[BlackTeam "SG Turm Kiel"]
[WhiteTeamCountry "GER"]
[BlackTeamCountry "POL"]

1. e4 d6 2. d4 Nf6 3. Nc3 e5 4. dxe5 dxe5 5. Qxd8+ Kxd8 6. Bg5 Be6 7. g3 Kc8 8.
f4 Bb4 9. Bd3 exf4 10. gxf4 Bxc3+ 11. bxc3 Na6 12. Ne2 Nc5 13. Ng3 Ne8 14. f5
Bd7 15. Be3 Na4 16. c4 f6 17. c5 b6 18. Ba6+ Kd8 19. O-O-O Nxc5 20. Bxc5 bxc5
21. Rd5 Nd6 22. Rhd1 Re8 23. Rxc5 Re7 24. Rd4 Rb8 25. Ra5 Ke8 26. Bc4 Nc8 27.
Bg8 g6 28. Bb3 Rb5 29. Rxb5 Bxb5 30. c4 Bd7 31. c5 Re5 32. Rd5 Rxd5 33. exd5
Ne7 34. fxg6 hxg6 35. Ne4 Bf5 36. Nxf6+ Kf7 37. Nh7 Kg7 38. Ng5 Kf6 39. h4 Ke5
40. Nf7+ Kf4 41. Kd2 Ng8 42. Kc3 Nf6 43. Kd4 Kg4 44. c6 Ne8 45. Ke5 Kxh4 46. d6
cxd6+ 47. Nxd6 Nc7 48. Nxf5+ gxf5 49. Kxf5 Na8 50. Ke6 1-0

[Event "2.BLN SK König Tegel-SG Turm Kiel"]
[Site "?"]
[Date "2018.02.25"]
[Round "7.7"]
[White "Stopa, Jacek"]
[Black "Muse, Drazen"]
[Result "1-0"]
[WhiteElo "2427"]
[BlackElo "2373"]
[PlyCount "71"]
[EventDate "2018.02.25"]
[WhiteTeam "SG Turm Kiel"]
[BlackTeam "SK König Tegel 1949"]
[WhiteTeamCountry "POL"]
[BlackTeamCountry "CRO"]

1. Nf3 Nf6 2. d4 d6 3. Bg5 Nbd7 4. e3 h6 5. Bh4 g5 6. Bg3 Nh5 7. Nbd2 Bg7 8.
Bd3 e6 9. c3 Qe7 10. Qe2 a6 11. a4 b6 12. O-O Bb7 13. e4 e5 14. Nc4 Nf4 15.
Bxf4 exf4 16. Rfe1 g4 17. Nfd2 Qg5 18. e5 f3 19. Qd1 d5 20. Ne3 Nf8 21. gxf3 h5
22. fxg4 Ne6 23. Nf3 Qf4 24. g5 Nxg5 25. Nxg5 Qxg5+ 26. Ng2 h4 27. f4 Qh6 28.
Qg4 h3 29. Ne3 Bf8 30. Kh1 Qh4 31. Bf5 Be7 32. Rf1 c5 33. Rf3 cxd4 34. cxd4 Bb4
35. Qxh4 Rxh4 36. Bxh3 1-0

[Event "2.BLN SK König Tegel-SG Turm Kiel"]
[Site "?"]
[Date "2018.02.25"]
[Round "7.8"]
[White "Giemsa, Stephan"]
[Black "Hoi, Carsten"]
[Result "1/2-1/2"]
[WhiteElo "2283"]
[BlackElo "2373"]
[PlyCount "68"]
[EventDate "2018.02.25"]
[WhiteTeam "SK König Tegel 1949"]
[BlackTeam "SG Turm Kiel"]
[WhiteTeamCountry "GER"]
[BlackTeamCountry "DEN"]

1. d4 d5 2. c4 dxc4 3. e3 e5 4. Bxc4 Nc6 5. Nf3 Bb4+ 6. Nc3 Bg4 7. Qb3 Bxf3 8.
Bxf7+ Kf8 9. Bxg8 Rxg8 10. gxf3 exd4 11. exd4 Qe7+ 12. Kf1 Nxd4 13. Qd5 Bxc3
14. bxc3 Rd8 15. Qe4 Qxe4 16. fxe4 Nc6 17. Bf4 Rd7 18. Rb1 b6 19. Ke2 Re7 20.
f3 g5 21. Bc1 Ne5 22. Ba3 c5 23. Rbf1 Ke8 24. h3 Rf8 25. Rhg1 h6 26. Bc1 Ref7
27. Rg3 Ng6 28. Rd1 Ke7 29. Rd5 Ke6 30. Rd1 Ne5 31. Rf1 Ng6 32. Rg4 Ne5 33. Rg3
Ng6 34. Rg4 Ne5 1/2-1/2